| 000 | 00759nam a2200229Ia 4500 | ||
|---|---|---|---|
| 001 | 2913 | ||
| 003 | GE_BSU | ||
| 008 | 181216s||||||||xx |||||||||||||| ||und|| | ||
| 020 | _a5282020718 ; 582 щ20882 | ||
| 040 | _cGE_BSU | ||
| 080 | _a339(100) | ||
| 100 | _aХасбулатов Р. И. | ||
| 245 | _aМировая экономика: В 2-х т. Т. 1= World Economy. voiume l. | ||
| 245 | _bТеория, принципы, политика Роосийская экономическая Академия имени Г.В. Плеханова. | ||
| 260 | _aМосква | ||
| 260 | _bЭкономика | ||
| 260 | _c2001 | ||
| 300 | _a598 ст. 24 см. | ||
| 541 | _h35 Л. | ||
| 653 | _aМировая экономика:1 | ||
| 942 | _cBK | ||
| 999 |
_c36961 _d36961 |
||